Shoota - Playboi Carti feat. Lil Uzi Vert (Full lyrics) - Statistics

General Stats
  • This quiz has been taken 78 times
  • The average score is 219 of 380
Answer Stats
Lyrics % Correct
I
98%
me
92%
me,
92%
now
92%
Now
92%
be
90%
G-
90%
to
90%
Uh,
90%
uh
90%
uh,
90%
a
88%
with
88%
I'm
86%
ooh
86%
up
86%
up,
86%
my
84%
You
84%
you,
84%
you
84%
because
82%
'cause
82%
do?
82%
rock
82%
the
82%
Everybody
80%
what
80%
bus
78%
in
78%
touchdown
78%
your
78%
hah,
76%
Huh,
76%
huh,
76%
girl
73%
girl,
73%
and
71%
And
71%
it
71%
like
71%
go
69%
that
69%
Took
69%
made
65%
iced
63%
watch
63%
out
61%
score
61%
We
61%
butter,
59%
on
59%
She
59%
she
59%
Used
59%
used
59%
blue,
57%
drop
57%
drop,
57%
Drop
57%
let
57%
Let
57%
red
57%
Swervin'
57%
woke
57%
Got
55%
got
55%
Pull
55%
tool
55%
at
53%
baby,
53%
bestie
53%
Lambo',
51%
toolie,
51%
down
49%
her
49%
Meet
49%
next
49%
pecan
49%
Pecan
49%
Shock,
49%
shooters,
49%
troops,
49%
check-
47%
check
47%
dope,
47%
know
47%
Know
47%
some
47%
thing
47%
week
47%
Whip,
47%
whip
47%
ain't
45%
alley
45%
call
45%
high
45%
I'll
45%
point
45%
smokin'
45%
walking
45%
want
45%
arrest
41%
bustdown
41%
doors
41%
flooded
41%
I'ma
41%
look
41%
rocks,
41%
text
41%
'til
41%
yeah
41%
can't
39%
free
39%
neck
39%
diamond
37%
fuck
37%
Fuck
37%
gon'
37%
Hit
37%
put
37%
Someone
37%
Suicide,
37%
1600,
35%
caress
35%
four
35%
lot,
35%
lot
35%
that's
35%
Think
35%
tryna
35%
gotta
33%
had
33%
just
33%
or
33%
bank,
31%
count
31%
loot,
31%
loot
31%
not
31%
'Rari,
31%
tell
31%
wanna
31%
keep
29%
saw
29%
rob
27%
Bentley
24%
floor
24%
found
24%
ho,
24%
Link
24%
make
24%
pot
24%
take
24%
them
24%
thot,
24%
bleed
22%
love
22%
Sun
22%
block
20%
bring
20%
goons,
20%
Money
20%
money
20%
school,
20%
boys
18%
Don't
18%
lose
18%
shoes
18%
shoes,
18%
Stack
18%
back
16%
choose,
16%
knots,
14%
let's
12%
talk
12%
lil'
10%
dude
8%
swoop,
8%
these
8%
No matching quizzes found
Score Distribution
Percent of People with Each Score
Percentile by Number Answered
Your Score History
You have not taken this quiz